Films et séries avec Jonathan Cohen - Statistiques

Statistiques générales
  • Ce quiz a été pris 225 fois
    39 depuis la dernière actualisation
  • Le résultat moyen est 6 sur 62
Statistiques - réponses
Type de quiz Année Rôle Réponse % Correct
Série 2020 Marc La Flamme
97%
Série 2022 Marc Le Flambeau
97%
Série 2016 Serge le Mytho Serge le Mytho
74%
Série 2019-2021 Joseph Hazan Family Business
66%
Série 2015-2016 Serge le Mytho Bloqués
53%
Série 2011 Charles Bref
34%
Film 2017 Samuel, le rabbin Coexister
34%
Film 2023 Graindemaïs Astérix et Obélix : l'empire du milieu
26%
Film 2023 François Sentinelle
24%
Série 2025 Serge le Mytho Bref 2
21%
Film 2023 Salvador Daaaaaalí !
11%
Film 2025 Roland Perez Ma mère, Dieu et Sylvie Vartan
11%
Film 2018 Arnaud Budapest
8%
Film 2020 Frédéric Enorme
8%
Série 2023 Lui-même LOL : Qui rit sort
8%
Film 2020 Lui-même Tout simplement noir
8%
Film 2023 Bruno Une année difficile
8%
Film 2016 Commandant Poulain La folle histoire de Max et Léon
5%
Film 2018 Frédéric Ami-ami
3%
Film 2022 Didier Bequet En même temps
3%
Film 2024 Johnny Les pistolets en plastique
3%
Film 2016 Edouard Papa ou maman 2
3%
Film 2019 Ben Premières vacances
3%
Film 2020 Lieutenant-Colonel François-Yves Raspaillès Terrible jungle
3%
Série 2016 Jonathan 4-4-2
0%
Film 2018 Axel Amanda
0%
Film 2021 L'agent Vincent Delacroix Army of thieves
0%
Film 2019 Sam Blanche comme neige
0%
Film 2023 Gomez Comme un prince
0%
Film 2017 Frédéric De plus belle
0%
Film 2012 Le professeur de yoga Dépression et des potes
0%
Film 2020 Gianni Forte
0%
Film 2010 Un infirmier Fracture
0%
Série 2010 David Haddad Fracture
0%
Série 2015 Vikash Hard
0%
Série 2013-2017 Julien Hero Corp
0%
Film 2013 Amour et turbulences Hugo
0%
Film 2012 Le directeur des ressources humaines Il était une fois
0%
Film 2010 Le serveur Je l'aimais
0%
Film 2013 16 ans ou presque Kebab master
0%
Série 2011 Shouhil - Cyril La chanson du dimanche
0%
Film 2014 Frère de Dan La crème de la crème
0%
Film 2010 Le serveur lors de l'anniversaire de mariage L'amour, c'est mieux à deux
0%
Série 2014 Colonel Grant Lazy Company
0%
Série 2011 Jonathan Les 2 mecs qui bossent à Canal
0%
Série 2011 Hassan Les invincibles
0%
Série 2012 Samuel Benhaim Les pieds dans le plat
0%
Film 2010 Mathias Le village des ombres
0%
Série 2008 Patrick Benmussa Mafiosa
0%
Film 2012 Philippe Mains armées
0%
Série 2011 Vendeur de jeux vidéos Nerdz
0%
Film 2015 Chokri Nous trois ou rien
0%
Série 2015 La brosse à dents, le nouveau Brice, le présentateur Objectivement
0%
Film 2014 Le chef de salle On a failli être amies
0%
Série 2023 Le pape Pamela Rose
0%
Film 2009 Le banquier Partir
0%
Film 2013 Pop redemption Pascal
0%
Film 2014 Marc Supercondriaque
0%
Série 2015 Le chinois Templeton
0%
Film 2014 Marc Une rencontre
0%
Film 2012 Patrick Un plan parfait
0%
Film 2015 Tim Bonhomme Vicky
0%
Aucun quiz correspondant
Distribution des résultats
% des personnes avec chaque résultat
Percentile par nombre de réponses
Votre historique - résultats
Vous n’avez pas pris ce quiz depuis la dernière actualisation